LEADER 03499nam 2200637 450 001 9910461386403321 005 20200520144314.0 010 $a0-8276-1275-3 010 $a0-8276-1248-6 035 $a(CKB)3710000000465764 035 $a(EBL)3571071 035 $a(SSID)ssj0001546394 035 $a(PQKBManifestationID)16141510 035 $a(PQKBTitleCode)TC0001546394 035 $a(PQKBWorkID)14796228 035 $a(PQKB)11035176 035 $a(MiAaPQ)EBC3571071 035 $a(OCoLC)918983976 035 $a(MdBmJHUP)muse46579 035 $a(Au-PeEL)EBL3571071 035 $a(CaPaEBR)ebr11091517 035 $a(CaONFJC)MIL823896 035 $a(OCoLC)929515058 035 $a(EXLCZ)993710000000465764 100 $a20151122h20152015 uy 0 101 0 $aeng 135 $aur|n|---||||| 181 $ctxt 182 $cc 183 $acr 200 10$aAkiva $elife, legend, legacy /$fReuven Hammer 210 1$aPhiladelphia, Pennsylvania :$cThe Jewish Publication Society,$d2015. 210 4$dİ2015 215 $a1 online resource (269 p.) 300 $a"Published by the University of Nebraska Press as a Jewish Publication Society book." 311 $a0-8276-1215-X 320 $aIncludes bibliographical references and indexes. 327 $aAkiva's early life -- Becoming a sage -- The new sage and public figure -- The mystical interpreter of Torah -- The organizer of Torah -- Akiva and the Song of Songs -- Aspects of Akiva's theology -- Akiva's resistance, imprisonment, and death -- The man and his legacy. 330 $a"Reuven Hammer traces the life of the great and legendary Sage, from youth to a martyr's death, and his many contributions to Rabbinic Judaism"--$cProvided by publisher. 330 $a"The legendary Akiva ben Yosef has fascinated Jews for centuries. One of and arguably the most important of the Tannaim, or early Jewish sages, he lived during a crucial era in the development of Judaism as we know it today, and his theology played a major part in the development of Rabbinic Judaism. Reuven Hammer details Akiva's life as it led to a martyr's death and delves into the rich legacy Akiva left us.That legacy played an extraordinarily important role in helping the Jewish people survive difficult challenges and forge a vibrant religious life anew and it continues to influence Jewish law, ethics, and theology even today. Akiva's contribution to the development of Oral Torah cannot be overestimated, and in this first book written in English about the sage since 1936, Hammer reassesses Akiva's role from the period before the destruction of the Temple in 70 CE until the Bar Kokhba Revolt in 135 CE. He also assesses new findings about the growth of early Judaism, the reasons why Akiva was so outspoken about "Christian Jews," the influence of Hellenism, the Septuagint, and the canonization of the Hebrew Bible. Ultimately, Hammer shows that Judaism without Akiva would be a very different religion"--$cProvided by publisher. 606 $aTannaim$vBiography 606 $aJews$xHistory$yBar Kokhba Rebellion, 132-135 606 $aMartyrdom$xJudaism 608 $aElectronic books. 615 0$aTannaim 615 0$aJews$xHistory 615 0$aMartyrdom$xJudaism. 676 $a296.1/20092 700 $aHammer$b Reuven $01054170 801 0$bMiAaPQ 801 1$bMiAaPQ 801 2$bMiAaPQ 906 $aBOOK 912 $a9910461386403321 996 $aAkiva$92486556 997 $aUNINA LEADER 01674nas 2200589-a 450 001 996213095603316 005 20231101153736.0 011 $a1545-4495 035 $a(OCoLC)42635458 035 $a(CKB)954925460107 035 $a(CONSER)--2003215306 035 $a(MiAaPQ)35031 035 $a(DE-599)ZDB2010309-8 035 $a(EXLCZ)99954925460107 100 $a19991013a19739999 s-- a 101 0 $aeng 135 $aurcn||||||||| 181 $ctxt$2rdacontent 182 $cc$2rdamedia 183 $acr$2rdacarrier 200 00$aAnnual Review of Earth and Planetary Sciences 210 $aPalo Alto, Calif. $cAnnual Reviews Inc 215 $a1 online resource 300 $aRefereed/Peer-reviewed 311 $a0084-6597 606 $aEarth sciences$vPeriodicals 606 $aPlanets$vPeriodicals 606 $aEarth sciences$2fast$3(OCoLC)fst00900729 606 $aPlanets$2fast$3(OCoLC)fst01065127 606 $aPlanetologie$2gnd 606 $aZeitschrift$2gnd 606 $aOnline-Ressource$2gnd 606 $aGeowissenschaften$2gnd 606 $aAstronomy$2galestne 606 $aEarth sciences$2galestne 608 $aPeriodicals.$2fast 610 0 $aAstronomy$aEarth sciences 615 0$aEarth sciences 615 0$aPlanets 615 7$aEarth sciences. 615 7$aPlanets. 615 7$aPlanetologie 615 7$aZeitschrift 615 7$aOnline-Ressource 615 7$aGeowissenschaften 615 7$aAstronomy. 615 7$aEarth sciences. 676 $a550 906 $aJOURNAL 912 $a996213095603316 996 $aAnnual review of earth and planetary sciences$92153964 997 $aUNISA LEADER 05962nam 2200757 a 450 001 9910972212203321 005 20251117084123.0 010 $a6613717320 010 $a1-280-87601-8 010 $a9786613717320 010 $a1-61499-069-7 035 $a(CKB)2670000000210670 035 $a(EBL)948342 035 $a(OCoLC)797917010 035 $a(SSID)ssj0000705707 035 $a(PQKBManifestationID)11377340 035 $a(PQKBTitleCode)TC0000705707 035 $a(PQKBWorkID)10626462 035 $a(PQKB)10627279 035 $a(MiAaPQ)EBC948342 035 $a(Au-PeEL)EBL948342 035 $a(CaPaEBR)ebr10574710 035 $a(CaONFJC)MIL371732 035 $a(EXLCZ)992670000000210670 100 $a20120516d2012 uy 0 101 0 $aeng 135 $aur|n|---||||| 181 $ctxt 182 $cc 183 $acr 200 10$apHealth 2012 $eproceedings of the 9th International Conference on Wearable Micro and Nano Technologies for Personalized Health, June 26-28, 2012, Porto, Portugal /$fedited by Bernd Blobel, Peter Pharow and Filipe Sousa 205 $a1st ed. 210 $aWashington, D.C. $cIOS Press$d2012 215 $a1 online resource (320 p.) 225 1 $aStudies in health technology and informatics,$x0926-9630 ;$vv. 177 300 $aDescription based upon print version of record. 311 08$a1-61499-068-9 320 $aIncludes bibliographical references and indexes. 327 $aTitle Page; Preface; Scientific Program Committee and Reviewers; Contents; Keynotes; pHealth; Multimodal User Interfaces to Improve Social Integration of Elderly and Mobility Impaired; R&D in Micro-Nano-Bio Systems and Contribution to pHealth; pHealth Approach; Integrating Health and Social Care Informatics to Enable Holistic Health Care; Co-Production of Health Enabled by Next Generation Personal Health Systems; Improve Quality of Life - Additional Criteria for Health and Social Care Information Technology Acceptance in an Ageing World; Health Care Management with KeepCare 327 $aNovaMedTech - A Regional Program for Supporting New Medical Technologies in Personalized Health CareThe SWORD Tele-Rehabilitation System; New Approaches to Diagnosis and Therapy; Gamification and Serious Games for Personalized Health; The HemoCop Telemetric Sensor System: Technology and Results of in-vivo Assessment; Inductive Coupling System for Endovascular Aneurysm Repair Monitoring; Long Term Monitoring of Blood Flow at Multiple Depths - Observations of Changes; Identification of Sit-to-Stand and Stand-to-Sit Transitions Using a Single Inertial Sensor; Monitoring Special Diseases 327 $aAn Approach to Geotracking Patients with Alzheimer's DiseaseA System for Inference of Spatial Context of Parkinson's Disease Patients; The Use of Exer-Learning Games for Rehabilitation in Spa Clinics and at Home; Force and Touch Make Video Games 'Serious' for Dexterity Rehabilitation; pHealth System Architecture, Design and Implementation; Standards and Solutions for Architecture Based, Ontology Driven and Individualized Pervasive Health; Mobile Health Apps - From Singular to Collaborative; Architectural Approach for Semantic EHR Systems Development Based on Detailed Clinical Models 327 $aAdaptive Intelligent Systems for pHealth - An Architectural ApproachArchitectural Analysis of Clinical Ontologies for pHealth Interoperability; Wearable Sensor Systems; pHealth and Wearable Technologies: A Permanent Challenge; The Challenges Facing Wearable Sensor Systems; Wearable Monitoring Systems in Pre-Term Newborns Care; Wearable Wireless Multi-Parameter Sensor Module for Physiological Monitoring; A Wearable Sensor Network for Human Locomotion Data Capture; Sport Monitoring with Smart Wearable System; ZigBee-Based Remote Patient Monitoring; Smartphone Applications 327 $aUser Clustering in Smartphone ApplicationsExtraction of ABCD Rule Features from Skin Lesions Images with Smartphone; Personalised Mobile Health and Fitness Apps: Lessons Learned from myFitnessCompanion_R; Dance! Don't Fall - Preventing Falls and Promoting Exercise at Home; Ambient Assisted Living; An Ecosystem of Products and Systems for Ambient Intelligence - The AAL4ALL Users Perspective; Towards Interoperability and Integration of Personal Health and AAL Ecosystems; JIM: A Novel and Efficient Accelerometric Magnitude to Measure Physical Activity 327 $aUser Experiences of Mobile Controlled Games for Activation, Rehabilitation and Recreation of Elderly and Physically Impaired 330 $aMicrosystems, smart textiles, telemedicine, smart implants and sensor-controlled medical devices have become important enablers for monitoring and treatment in both inpatient and outpatient care. Indeed, micro and nano technologies have tremendous potential for increasing access to care whilst managing healthcare costs. They are set to be at the heart of evolutionary and revolutionary changes in healthcare, and are crucial, not only for the future of medicine, but also for the improvement of health care and welfare processes today and tomorrow. This book presents the proceedings of the 2012 pH 410 0$aStudies in health technology and informatics ;$vv. 177. 606 $aBiosensors$vCongresses 606 $aNanotechnology$vCongresses 606 $aWearable computers$vCongresses 606 $aMicrotechnology$vCongresses 615 0$aBiosensors 615 0$aNanotechnology 615 0$aWearable computers 615 0$aMicrotechnology 676 $a610.28 701 $aBlobel$b Bernd$01628400 701 $aPharow$b Peter$01698625 701 $aSousa$b Filipe$01864737 712 12$aInternational Conference on Wearable Micro and Nano Technologies for Personalized Health. 801 0$bMiAaPQ 801 1$bMiAaPQ 801 2$bMiAaPQ 906 $aBOOK 912 $a9910972212203321 996 $aPHealth 2012$94471652 997 $aUNINA